[Event "Bogota Centro Comercial op 2nd"]
[Site "Bogota"]
[Date "2024.04.14"]
[Round "1"]
[White "Diaz Bobadilla, Laura Juliana"]
[Black "Estrada Velandia, Henry Andres"]
[Result "0-1"]
[WhiteElo "1555"]
[BlackElo "2032"]
[PlyCount "97"]
[EventDate "2024.04.14"]
[EventType "swiss"]
[EventRounds "7"]
[EventCountry "COL"]
[SourceTitle "CB16_2024"]
[SourceDate "2024.04.17"]
[SourceVersion "1"]
[SourceVersionDate "2024.04.17"]
[SourceQuality "1"]

1. e4 c6 2. Nf3 d5 3. exd5 cxd5 4. d4 Nc6 5. Bd3 Bg4 6. c3 e6 7. h3 Bh5 8. 0-0 Bd6 9. b4 a6 10. a4 Nge7 11. Nbd2 f6 12. Re1 Qd7 13. Ba3 0-0 14. Qc2 Bg6 15. Re2 Rac8 16. Bxg6 Nxg6 17. b5 axb5 18. axb5 Nce7 19. Bxd6 Qxd6 20. Rae1 Nf4 21. Nb3 Nxe2+ 22. Rxe2 b6 23. Nfd2 Ng6 24. c4 e5 25. c5 Qd7 26. c6 Qd6 27. f3 Nf4 28. Re1 Qb4 29. dxe5 fxe5 30. Rxe5 Qxb5 31. Nd4 Qc5 32. N2b3 Qxc2 33. Nxc2 Rxc6 34. Nbd4 Rc4 35. g3 Nd3 36. Rxd5 Re8 37. Kf1 Nb4 38. Nxb4 Rxb4 39. g4 Rb2 40. Rd7 g6 41. Nc6 Ra8 42. Rd1 Raa2 43. Rd8+ Kg7 44. Rd1 Rf2+ 45. Kg1 Rxf3 46. Rd7+ Kh6 47. Ne5 Rg3+ 48. Kf1 Kg5 49. Rd5 0-1

[Event "COL-ch sf"]
[Site "Pereira"]
[Date "2024.03.27"]
[Round "3"]
[White "Ruiz Aguilar, Pablo Alexander"]
[Black "Estrada Velandia, Henry Andres"]
[Result "1-0"]
[WhiteElo "2162"]
[BlackElo "1896"]
[PlyCount "47"]
[EventDate "2024.03.26"]
[EventType "swiss"]
[EventRounds "11"]
[EventCountry "COL"]
[SourceTitle "CB14_2024"]
[SourceDate "2024.04.01"]
[SourceVersion "1"]
[SourceVersionDate "2024.04.01"]
[SourceQuality "1"]

1. e4 e5 2. Nf3 Nc6 3. Bb5 a6 4. Ba4 Nf6 5. 0-0 b5 6. Bb3 Be7 7. Re1 0-0 8. h3 d6 9. c3 Na5 10. Bc2 c5 11. d4 Qc7 12. Nbd2 cxd4 13. cxd4 Nc6 14. a3 Bd7 15. Nb3 a5 16. Be3 a4 17. Nbd2 Rfb8 18. Rc1 Qb7 19. Qe2 Bd8 20. Bd3 exd4 21. Nxd4 Ne5 22. Bb1 Bc6 23. g4 d5 24. Nf5 1-0

[Event "Bucaramanga op"]
[Site "Bucaramanga"]
[Date "2023.09.09"]
[Round "7"]
[White "Estrada Velandia, Henry Andres"]
[Black "Rivera, Ingris"]
[Result "1-0"]
[WhiteElo "1796"]
[BlackElo "2160"]
[PlyCount "113"]
[EventDate "2023.09.06"]
[EventType "swiss"]
[EventRounds "9"]
[EventCountry "COL"]
[SourceTitle "EXT 2024"]
[Source "ChessBase"]
[SourceDate "2023.10.10"]
[SourceVersion "1"]
[SourceVersionDate "2023.10.10"]
[SourceQuality "1"]

1. d4 Nf6 2. Nf3 g6 3. Nbd2 d5 4. b4 Bg7 5. Bb2 0-0 6. e3 a5 7. b5 a4 8. Ba3 c6 9. Bd3 Nbd7 10. 0-0 Re8 11. Rc1 e5 12. dxe5 Ng4 13. e6 fxe6 14. c4 Nde5 15. Be2 Nxf3+ 16. Nxf3 Qb6 17. Qd2 Bh6 18. Qc3 e5 19. Rcd1 Bg7 20. cxd5 e4 21. Nd4 cxd5 22. h3 Ne5 23. Bc5 Qd8 24. b6 Qg5 25. Kh2 Bd7 26. Bd6 Rec8 27. Qb4 Nf7 28. Bf4 Qf6 29. Bb5 Qxb6 30. Rb1 Bc6 31. Qd2 Qa5 32. Qe2 Be5 33. Ne6 Re8 34. Bxe5 Nxe5 35. Nd4 Qc7 36. Kg1 Qd7 37. Rfc1 Rac8 38. Nxc6 bxc6 39. Bxa4 Nd3 40. Rc3 Rf8 41. Rf1 Qd6 42. f3 Qb4 43. Qc2 Ne5 44. Bxc6 Rxc6 45. Rxc6 Nc4 46. Qb3 Qd2 47. Rxc4 dxc4 48. Qxc4+ Kg7 49. Qxe4 Qxa2 50. Rb1 Rf7 51. Rb8 Qa1+ 52. Kh2 Qf6 53. Qe8 Kh6 54. Rd8 Qf5 55. Rd4 Kg7 56. Rf4 Rf8 57. Qxf8+ 1-0

[Event "Bucaramanga op"]
[Site "Bucaramanga"]
[Date "2023.09.07"]
[Round "3"]
[White "Estrada Velandia, Henry Andres"]
[Black "Hernandez Fonseca, Maria Paula"]
[Result "1-0"]
[WhiteElo "1796"]
[BlackElo "2042"]
[PlyCount "55"]
[EventDate "2023.09.06"]
[EventType "swiss"]
[EventRounds "9"]
[EventCountry "COL"]
[SourceTitle "EXT 2024"]
[Source "ChessBase"]
[SourceDate "2023.10.10"]
[SourceVersion "1"]
[SourceVersionDate "2023.10.10"]
[SourceQuality "1"]

1. d4 d5 2. c4 dxc4 3. e3 Nf6 4. Bxc4 e6 5. Nf3 c5 6. 0-0 a6 7. Nc3 b5 8. Bb3 Bb7 9. Ne5 Bd6 10. f4 Qc7 11. Bd2 Nc6 12. Rc1 Qb6 13. Ne2 Rd8 14. Qe1 0-0 15. Ng3 Rc8 16. dxc5 Bxc5 17. Nd3 Be7 18. Kh1 Rfd8 19. Nf2 a5 20. e4 Nb4 21. Rxc8 Rxc8 22. a3 Nc2 23. Bxc2 Rxc2 24. Bxa5 Qc6 25. Bc3 Bc5 26. Nd3 Ng4 27. Nxc5 Qxc5 28. h3 1-0

[Event "Bucaramanga op"]
[Site "Bucaramanga"]
[Date "2023.09.06"]
[Round "1"]
[White "Estrada Velandia, Henry Andres"]
[Black "Rojas Barrero, Andres Humberto"]
[Result "0-1"]
[WhiteElo "1796"]
[BlackElo "2135"]
[PlyCount "76"]
[EventDate "2023.09.06"]
[EventType "swiss"]
[EventRounds "9"]
[EventCountry "COL"]
[SourceTitle "EXT 2024"]
[Source "ChessBase"]
[SourceDate "2023.10.10"]
[SourceVersion "1"]
[SourceVersionDate "2023.10.10"]
[SourceQuality "1"]

1. d4 Nf6 2. e3 d5 3. Bd3 Nc6 4. f4 Nb4 5. Bb5+ Bd7 6. Bxd7+ Qxd7 7. Nf3 e6 8. Ne5 Qc8 9. Nd2 Bd6 10. 0-0 0-0 11. a3 Na6 12. b4 b6 13. b5 Nb8 14. Bb2 c5 15. c4 cxd4 16. exd4 Nbd7 17. Rc1 Qb7 18. Qf3 a6 19. Rc2 axb5 20. cxb5 Ne4 21. Nc6 f5 22. Nxe4 fxe4 23. Qg4 Rf5 24. Bc1 Nf6 25. Qh3 h5 26. Kh1 Ng4 27. Qg3 Qf7 28. h3 Nh6 29. Rcf2 Rf8 30. Qc3 Rf6 31. Ne5 Bxe5 32. dxe5 Rg6 33. Kh2 Nf5 34. Qc6 Rg3 35. Qxb6 e3 36. Rf3 Qg6 37. Bxe3 Rxg2+ 38. Kh1 Nh4 0-1

[Event "Rivera Huila Hernandez Memorial-B"]
[Site "Rivera Huila"]
[Date "2023.07.22"]
[Round "5"]
[White "Suaza Sanabria, Laura Sofia"]
[Black "Estrada Velandia, Henry Andres"]
[Result "0-1"]
[WhiteElo "1472"]
[BlackElo "1812"]
[PlyCount "48"]
[EventDate "2023.07.20"]
[EventType "swiss"]
[EventRounds "7"]
[EventCountry "COL"]
[SourceTitle "CBM 215 Extra"]
[Source "ChessBase"]
[SourceDate "2023.09.30"]
[SourceVersion "1"]
[SourceVersionDate "2023.09.30"]
[SourceQuality "1"]

1. e4 e6 2. d4 d5 3. e5 c5 4. c3 Nc6 5. Be3 cxd4 6. Bxd4 Nxd4 7. Qxd4 Ne7 8. Nd2 Nc6 9. Qe3 Be7 10. Bd3 0-0 11. Ngf3 f6 12. exf6 Bxf6 13. 0-0 e5 14. Bc2 e4 15. Ne1 Bg5 16. Qe2 Ne5 17. h3 Kh8 18. Kh1 Ng6 19. c4 Nf4 20. Qd1 Bxh3 21. gxh3 Nxh3 22. Qe2 Bxd2 23. Qxd2 Qh4 24. Ng2 Nxf2+ 0-1

[Event "Rivera Huila Hernandez Memorial-B"]
[Site "Rivera Huila"]
[Date "2023.07.20"]
[Round "1"]
[White "Perez, Oscar Mauricio"]
[Black "Estrada Velandia, Henry Andres"]
[Result "1/2-1/2"]
[WhiteElo "1643"]
[BlackElo "1812"]
[PlyCount "82"]
[EventDate "2023.07.20"]
[EventType "swiss"]
[EventRounds "7"]
[EventCountry "COL"]
[SourceTitle "CBM 215 Extra"]
[Source "ChessBase"]
[SourceDate "2023.09.30"]
[SourceVersion "1"]
[SourceVersionDate "2023.09.30"]
[SourceQuality "1"]

1. c4 c6 2. Nf3 d5 3. e3 e6 4. d4 Bd6 5. Nbd2 f5 6. Be2 Ne7 7. Ne5 0-0 8. f4 Nd7 9. 0-0 Nxe5 10. fxe5 Bc7 11. a3 Bd7 12. Qe1 Be8 13. c5 Bg6 14. Qh4 b6 15. b4 Rb8 16. cxb6 axb6 17. Nb3 Qd7 18. Bd2 Ra8 19. Qg5 Ra4 20. h4 h6 21. Qf4 Rfa8 22. Bc1 Qe8 23. Bb2 Bh5 24. Bf3 Bxf3 25. Qxf3 Ng6 26. Qh5 Bd8 27. g3 Be7 28. Rac1 Kh7 29. Nd2 c5 30. dxc5 bxc5 31. bxc5 Rc8 32. Bd4 Rxa3 33. Nf3 Nxh4 34. Qxe8 Nxf3+ 35. Rxf3 Rxe8 36. Rf2 Bg5 37. Re2 Ra4 38. Rd1 Rc8 39. Rb1 Be7 40. Rc2 Rc4 41. Rxc4 dxc4 1/2-1/2

[Event "Cali Valle Colombia op-B"]
[Site "Cali Valle Colombia"]
[Date "2022.12.29"]
[Round "6"]
[White "Castro Leiva, Kevin"]
[Black "Estrada Velandia, Henry Andres"]
[Result "0-1"]
[WhiteElo "1232"]
[BlackElo "1883"]
[PlyCount "94"]
[EventDate "2022.12.26"]
[EventType "swiss"]
[EventRounds "8"]
[EventCountry "COL"]
[SourceTitle "CBM 211 Extra"]
[Source "ChessBase"]
[SourceDate "2023.01.31"]
[SourceVersion "1"]
[SourceVersionDate "2023.01.31"]
[SourceQuality "1"]

1. d4 d5 2. Nf3 e6 3. e3 Bd6 4. Bd3 Ne7 5. b3 c6 6. Bb2 f6 7. Nbd2 Nd7 8. c4 0-0 9. 0-0 e5 10. e4 exd4 11. exd5 Ne5 12. Nxe5 fxe5 13. dxc6 Nxc6 14. Ne4 Be7 15. Qe2 Bf5 16. f4 Qd7 17. Qh5 Bg6 18. Qe2 exf4 19. c5 Kh8 20. Rad1 Rae8 21. Qf3 Ne5 22. Qe2 Nxd3 23. Rxd3 Bf6 24. Nxf6 Rxf6 25. Rxd4 Qxd4+ 26. Bxd4 Rxe2 27. Bxf6 gxf6 28. Rxf4 Rxa2 29. Rxf6 Be4 30. Rf2 Rxf2 31. Kxf2 Kg7 32. g3 h5 33. Ke3 Bd5 34. b4 a6 35. Kd4 Bg2 36. Ke5 Kg6 37. h4 Bh3 38. Ke4 Kf6 39. Kf4 Bg4 40. Ke4 Ke6 41. Kd4 Bf5 42. Kc4 Ke5 43. b5 axb5+ 44. Kxb5 Be4 45. Kc4 Kf5 46. Kd4 Bc6 47. Ke3 Kg4 0-1

[Event "Cali Valle Colombia op-B"]
[Site "Cali Valle Colombia"]
[Date "2022.12.28"]
[Round "5"]
[White "Estrada Velandia, Henry Andres"]
[Black "Cano Alcaraz, Juan Jose"]
[Result "1/2-1/2"]
[WhiteElo "1883"]
[BlackElo "1396"]
[PlyCount "62"]
[EventDate "2022.12.26"]
[EventType "swiss"]
[EventRounds "8"]
[EventCountry "COL"]
[SourceTitle "CBM 211 Extra"]
[Source "ChessBase"]
[SourceDate "2023.01.31"]
[SourceVersion "1"]
[SourceVersionDate "2023.01.31"]
[SourceQuality "1"]

1. d4 Nf6 2. e3 e6 3. Bd3 d5 4. Ne2 c5 5. c3 Bd6 6. f4 Nc6 7. 0-0 0-0 8. Nd2 b6 9. Nf3 Bb7 10. Ng3 Ne7 11. Bd2 Qc7 12. Ne5 Ne4 13. Rc1 Nf5 14. Nxe4 dxe4 15. Be2 Rad8 16. g4 Nh4 17. Be1 Qe7 18. Bg3 Bxe5 19. fxe5 Nf3+ 20. Bxf3 exf3 21. Qe1 Qd7 22. Qf2 f6 23. h4 fxe5 24. Bxe5 Qd5 25. Kh2 Qe4 26. Rg1 Rd7 27. h5 a6 28. Rg3 Qd3 29. Re1 Qe4 30. Reg1 Qd3 31. Re1 Qe4 1/2-1/2

[Event "Palmira op-B"]
[Site "Palmira"]
[Date "2022.12.17"]
[Round "6"]
[White "Vargas, Jose Robinson"]
[Black "Estrada Velandia, Henry Andres"]
[Result "1-0"]
[WhiteElo "2009"]
[BlackElo "1883"]
[PlyCount "59"]
[EventDate "2022.12.14"]
[EventType "swiss"]
[EventRounds "8"]
[EventCountry "COL"]
[SourceTitle "CBM 211 Extra"]
[Source "ChessBase"]
[SourceDate "2023.01.31"]
[SourceVersion "1"]
[SourceVersionDate "2023.01.31"]
[SourceQuality "1"]

1. e4 e6 2. d4 d5 3. exd5 exd5 4. Bd3 Bd6 5. h3 Ne7 6. Qf3 Be6 7. Ne2 Nd7 8. Nbc3 a6 9. Nf4 Nf6 10. Be3 b5 11. g4 h6 12. Rg1 Qd7 13. a4 b4 14. Nce2 c6 15. Ng3 Rg8 16. 0-0-0 c5 17. Nxe6 fxe6 18. dxc5 Be5 19. b3 Kf7 20. g5 hxg5 21. Bxg5 Qc7 22. Nh5 Qxc5 23. Nxf6 Bxf6 24. Bxf6 gxf6 25. Qh5+ Kf8 26. Qh6+ Ke8 27. Rxg8+ Nxg8 28. Qh7 Qf8 29. Qb7 Ne7 30. Qc7 1-0

[Event "Ibague Blitz op"]
[Site "Ibague"]
[Date "2022.10.08"]
[Round "8"]
[White "Garcia Pantoja, Roberto"]
[Black "Estrada Velandia, Henry Andres"]
[Result "1-0"]
[WhiteElo "2526"]
[BlackElo "1938"]
[PlyCount "75"]
[EventDate "2022.10.08"]
[EventType "swiss (blitz)"]
[EventRounds "9"]
[EventCountry "COL"]
[SourceTitle "CBM 210 Extra"]
[Source "ChessBase"]
[SourceDate "2022.11.30"]
[SourceVersion "1"]
[SourceVersionDate "2022.11.30"]
[SourceQuality "1"]

1. e4 c6 2. d4 d5 3. e5 e6 4. Nd2 c5 5. c3 Nc6 6. Ndf3 cxd4 7. cxd4 Bb4+ 8. Bd2 Nge7 9. Bd3 h6 10. h4 Qb6 11. Ne2 Bd7 12. Bc3 Na5 13. 0-0 0-0 14. Ng3 Nc4 15. Rb1 Bxc3 16. bxc3 Qc7 17. Nh5 Be8 18. Nh2 f5 19. exf6 Bxh5 20. Qxh5 Rxf6 21. Ng4 Rf7 22. Rfe1 Nd2 23. Rbc1 Ne4 24. Bxe4 dxe4 25. Rxe4 Nf5 26. Rxe6 Qf4 27. Rce1 Raf8 28. R6e4 Qd2 29. Ne5 Nd6 30. R4e2 Qxc3 31. Nxf7 Nxf7 32. Qd5 Qc7 33. Re8 Rxe8 34. Rxe8+ Kh7 35. Qe4+ g6 36. Re7 Qc1+ 37. Kh2 Kg8 38. Qxg6+ 1-0

[Event "Pereira Fiestas de la Cosecha"]
[Site "Pereira"]
[Date "2022.08.28"]
[Round "10"]
[White "Estrada Velandia, Henry Andres"]
[Black "Ramos Espinoza, Efren Andres"]
[Result "0-1"]
[WhiteElo "1850"]
[BlackElo "2158"]
[PlyCount "92"]
[EventDate "2022.08.24"]
[EventType "swiss"]
[EventRounds "10"]
[EventCountry "COL"]
[SourceTitle "CBM 210 Extra"]
[Source "ChessBase"]
[SourceDate "2022.11.30"]
[SourceVersion "1"]
[SourceVersionDate "2022.11.30"]
[SourceQuality "1"]

1. d4 d5 2. e3 Nf6 3. Bd3 c5 4. c3 Nc6 5. f4 Bg4 6. Ne2 e6 7. Nd2 Bd6 8. 0-0 Rc8 9. Qe1 a6 10. Ng3 g6 11. h3 Bf5 12. Qe2 c4 13. Bb1 Bxb1 14. Rxb1 b5 15. e4 dxe4 16. Ndxe4 0-0 17. Nxf6+ Qxf6 18. Ne4 Qe7 19. h4 Bb8 20. h5 Kg7 21. Rf3 Ba7 22. Kh1 Rfd8 23. Bd2 Rd5 24. Rh3 Rxh5 25. Rxh5 gxh5 26. Qxh5 f5 27. Ng5 h6 28. Nf3 Qf7 29. Qh4 Qf6 30. Qh3 Rg8 31. Re1 Bb8 32. Be3 Kf7 33. Nh4 Rg4 34. g3 Ne7 35. Bf2 Nd5 36. Nf3 Bd6 37. Ne5+ Bxe5 38. dxe5 Qg6 39. Rd1 h5 40. Qg2 h4 41. Rxd5 exd5 42. Qxd5+ Qe6 43. Qb7+ Kg8 44. gxh4 Rxf4 45. Qb8+ Kg7 46. Qa7+ Qf7 0-1

[Event "Pereira Fiestas de la Cosecha"]
[Site "Pereira"]
[Date "2022.08.24"]
[Round "1"]
[White "Estrada Velandia, Henry Andres"]
[Black "Cano Alcaraz, Juan Jose"]
[Result "1-0"]
[WhiteElo "1850"]
[BlackElo "1292"]
[PlyCount "55"]
[EventDate "2022.08.24"]
[EventType "swiss"]
[EventRounds "10"]
[EventCountry "COL"]
[SourceTitle "CBM 210 Extra"]
[Source "ChessBase"]
[SourceDate "2022.11.30"]
[SourceVersion "1"]
[SourceVersionDate "2022.11.30"]
[SourceQuality "1"]

1. d4 Nf6 2. e3 d5 3. Bd3 e6 4. Ne2 c5 5. c3 Nc6 6. f4 Be7 7. Nd2 0-0 8. 0-0 b6 9. Ng3 cxd4 10. exd4 Bb7 11. Qe2 Qc7 12. Nf3 Rfe8 13. Ne5 Bf8 14. Bd2 Rac8 15. Rae1 a6 16. Qf3 g6 17. h4 h5 18. Nxg6 fxg6 19. Bxg6 Re7 20. Nxh5 Nxh5 21. Qxh5 Nd8 22. Re5 Rg7 23. f5 Bd6 24. f6 Bxe5 25. fxg7 Qxg7 26. dxe5 Qe7 27. Bh6 Nc6 28. Bf7+ 1-0

[Event "Pereira Fiestas de la Cosecha"]
[Site "Pereira"]
[Date "2022.08.24"]
[Round "2"]
[White "Flom, Gabriel"]
[Black "Estrada Velandia, Henry Andres"]
[Result "1-0"]
[WhiteElo "2406"]
[BlackElo "1850"]
[PlyCount "63"]
[EventDate "2022.08.24"]
[EventType "swiss"]
[EventRounds "10"]
[EventCountry "COL"]
[SourceTitle "CBM 210 Extra"]
[Source "ChessBase"]
[SourceDate "2022.11.30"]
[SourceVersion "1"]
[SourceVersionDate "2022.11.30"]
[SourceQuality "1"]

1. d4 d5 2. c4 c6 3. Nc3 e6 4. e4 f5 5. exf5 exf5 6. Nf3 Nf6 7. cxd5 cxd5 8. Bb5+ Nc6 9. 0-0 Be7 10. Ne5 Bd7 11. Bg5 0-0 12. Rc1 Be8 13. Bxc6 bxc6 14. Na4 Rc8 15. Qe2 Ne4 16. Bxe7 Qxe7 17. Nc5 Rf6 18. f3 Bh5 19. Qa6 Nd6 20. Rfe1 Qc7 21. Ncd3 Be8 22. Nb4 Nc4 23. Nxc4 dxc4 24. Qxc4+ Bf7 25. Qc5 Qd7 26. d5 a5 27. Nxc6 Kh8 28. Ne5 Rxc5 29. Nxd7 Rxc1 30. Rxc1 Rd6 31. Rc8+ Bg8 32. Ne5 1-0